000 00351cam a2200145ua 4500
041 _aeng
_h
082 _a821
_bEMP/CO
100 _aEmpson, William .
245 _aCollected poems /
_cWilliam Empson.
_hTextual Documents
260 _aLondon :
_bChatto and Windus ,
_c1962.
300 _a119 ; .
504 _a
942 _cBK
999 _c5171
_d5171